00538 2200193 4500001002100000005001500021035002000036008004100056245006500097100001700162260004500179300003000224020002200254084001600276082001000292650001100302700002000313990001100333INLIS00000000001302420220708110230 a0010-0722000508220708 g 0 ind 1 aHijab Pretty Pashmina /cAde Aprilia; editor: Nana Lyestiani aADE, Aprilia aJakarta :bGramedia Pustaka Utama,c2012 a63 hal. :bilus. ;c24 cm a978-979-22-8696-0 a391.2 ADE h a391.2 4aJILBAB0 aNANA, Lyestiani a8389 a